Statistics for Biggest Nations and Empires Ever

Click here to take the quiz!

General Stats

  • This quiz has been taken 71,903 times
    (44,526 since last reset)
  • The average score is 18 of 24

Answer Stats

Size Year Answer % Correct
35.5 mil1920British Empire
97%
22.8 mil1895Russian Empire
95%
14.7 mil1700sChina
95%
5 mil117Roman Empire
91%
11.5 mil1920French Empire
90%
10.0 mil1934United States of America
90%
13.7 mil1810Spanish Empire
89%
6 mil1942Nazi Germany
89%
24 mil1200sMongol Empire
88%
5.2 mil1683Ottoman Empire
85%
7 mil1943Empire of Japan
84%
5 mil250 BCMaurya Empire (India)
81%
5.2 mil323 BCMacedonia
79%
5.5 mil1820Portuguese Empire
78%
8.5 milcurrentBrazil
72%
10.0 milcurrentCanada
69%
3.8 mil1938Italian Empire
69%
5.5 mil500 BCAchaemenid Persian Empire
65%
7.7 milcurrentAustralia
64%
4 mil1940Dutch Empire
63%
5 mil1823Mexican Empire
55%
11.1 mil720Umayyad Caliphate
42%
4 mil441Hunnic Empire
33%
4.6 mil800Tibetan Empire
8%

Score Distribution

Percentile by Number Answered

Percent of People with Each Score

Your Score History

You have not taken this quiz since the last reset